[Event "Bundesliga 9798"]
[Site "Deutschland"]
[Date "1998.??.??"]
[Round "?.7"]
[White "Schlemermeyer, Wilhelm"]
[Black "Lau, Ralf"]
[Result "0-1"]
[WhiteElo "2310"]
[BlackElo "2495"]
[PlyCount "104"]
[EventDate "1997.10.??"]
[EventType "team"]
[EventRounds "15"]
[EventCountry "GER"]
[SourceTitle "Bundesliga 9798"]
[Source "DeepChess"]
[SourceDate "2005.01.01"]
[SourceVersion "1"]
[SourceVersionDate "2005.01.01"]
[SourceQuality "1"]
[WhiteTeam "SF Neukoelln 03 e.V."]
[BlackTeam "SG 1868 Aljech. Solingen"]
[WhiteTeamCountry "GER"]
[BlackTeamCountry "GER"]

1. g3 d5 2. Bg2 Nf6 3. d3 c6 4. Nf3 Nbd7 5. c4 e6 6. O-O Bd6 7. Nc3 O-O 8. e4
dxc4 9. dxc4 Qc7 10. Nd4 a6 11. Qe2 Re8 12. Rd1 Bf8 13. Bg5 e5 14. Nf5 h6 15.
Be3 Kh7 16. Qd2 Ng4 17. Nd6 Bxd6 18. Qxd6 Qxd6 19. Rxd6 Nxe3 20. fxe3 Nb6 21.
b3 Be6 22. Rad1 Nc8 23. Rd8 Rxd8 24. Rxd8 Nb6 25. Rxa8 Nxa8 26. c5 Kg8 27. Bf1
Kf8 28. b4 Ke7 29. Kf2 Nc7 30. a3 Bb3 31. Bd3 a5 32. Ke2 axb4 33. axb4 Kd7 34.
Kd2 Na8 35. Bc2 Bxc2 36. Kxc2 b5 37. Nb1 Nc7 38. Nd2 Ne8 39. Kd3 g6 40. Nf3 Ke6
41. g4 Nf6 42. g5 hxg5 43. Nxg5+ Ke7 44. Nf3 Nd7 45. h4 Kf6 46. Ke2 Kg7 47. Ne1
Kh6 48. Kf3 Kh5 49. Kg3 Nf6 50. Nd3 Nxe4+ 51. Kf3 Nd2+ 52. Ke2 Nc4 0-1

[Event "Bundesliga 9798"]
[Site "Deutschland"]
[Date "1998.??.??"]
[Round "?.8"]
[White "Reeh, Oliver"]
[Black "Rudolf, Henrik"]
[Result "1/2-1/2"]
[WhiteElo "2425"]
[BlackElo "2280"]
[PlyCount "55"]
[EventDate "1997.10.??"]
[EventType "team"]
[EventRounds "15"]
[EventCountry "GER"]
[SourceTitle "Bundesliga 9798"]
[Source "DeepChess"]
[SourceDate "2005.01.01"]
[SourceVersion "1"]
[SourceVersionDate "2005.01.01"]
[SourceQuality "1"]
[WhiteTeam "SG 1868 Aljech. Solingen"]
[BlackTeam "SF Neukoelln 03 e.V."]
[WhiteTeamCountry "GER"]
[BlackTeamCountry "GER"]

1. d4 g6 2. e4 Bg7 3. Nc3 d6 4. f4 Nf6 5. Nf3 c5 6. dxc5 Qa5 7. Bd3 Qxc5 8. Qe2
Nc6 9. Be3 Qa5 10. O-O Bg4 11. h3 Bxf3 12. Qxf3 O-O 13. Kh1 Nd7 14. Bd2 Nc5 15.
a3 Nd4 16. Qd1 Nxd3 17. cxd3 Qa6 18. Be3 e6 19. Rb1 Rac8 20. g4 f5 21. Rf2 b5
22. Rg2 Qb7 23. gxf5 exf5 24. Bxd4 Bxd4 25. Qb3+ Kh8 26. Qxb5 Qe7 27. Qd5 Be3
28. exf5 1/2-1/2

[Event "Bundesliga 9798"]
[Site "Deutschland"]
[Date "1997.??.??"]
[Round "?.1"]
[White "Georgiev, Kiril"]
[Black "Movsesian, Sergei"]
[Result "1-0"]
[WhiteElo "2670"]
[BlackElo "2555"]
[PlyCount "97"]
[EventDate "1997.10.??"]
[EventType "team"]
[EventRounds "15"]
[EventCountry "GER"]
[SourceTitle "Bundesliga 9798"]
[Source "DeepChess"]
[SourceDate "2005.01.01"]
[SourceVersion "1"]
[SourceVersionDate "2005.01.01"]
[SourceQuality "1"]
[WhiteTeam "SG Bochum 31"]
[BlackTeam "SF Neukoelln 03 e.V."]
[WhiteTeamCountry "GER"]
[BlackTeamCountry "GER"]

1. d4 Nf6 2. Nf3 g6 3. g3 Bg7 4. Bg2 O-O 5. O-O c6 6. c4 d6 7. b3 Re8 8. Nc3
Nbd7 9. e4 e5 10. h3 exd4 11. Nxd4 a5 12. Re1 Nc5 13. Rb1 Qe7 14. Bf4 Nfd7 15.
Re2 Ne5 16. Be3 h5 17. f4 Ned7 18. Qc2 Nf6 19. Bf2 h4 20. g4 Bxg4 21. hxg4 Nxg4
22. Qd2 Qf6 23. Rd1 Bh6 24. Be3 Nxe3 25. Qxe3 Bxf4 26. Qf3 Be5 27. Qe3 Bf4 28.
Qf3 Be5 29. Qxf6 Bxf6 30. Na4 Rad8 31. Nc2 Ne6 32. Red2 Be5 33. c5 Rb8 34. Rxd6
Bxd6 35. cxd6 b5 36. Nc3 Rbd8 37. e5 b4 38. Ne4 Kg7 39. Nf6 Rh8 40. Bh3 Nf4 41.
Bg4 h3 42. Nd4 Nd5 43. Nxc6 Ne3 44. Rd2 Nxg4 45. Nxg4 Rc8 46. Rc2 Rh4 47. Nf6
h2+ 48. Kh1 a4 49. d7 1-0

[Event "Bundesliga 9798"]
[Site "Deutschland"]
[Date "1997.??.??"]
[Round "?.2"]
[White "Stohl, Igor"]
[Black "Krasenkow, Michal"]
[Result "0-1"]
[WhiteElo "2565"]
[BlackElo "2645"]
[PlyCount "82"]
[EventDate "1997.10.??"]
[EventType "team"]
[EventRounds "15"]
[EventCountry "GER"]
[SourceTitle "Bundesliga 9798"]
[Source "DeepChess"]
[SourceDate "2005.01.01"]
[SourceVersion "1"]
[SourceVersionDate "2005.01.01"]
[SourceQuality "1"]
[WhiteTeam "SF Neukoelln 03 e.V."]
[BlackTeam "SG Bochum 31"]
[WhiteTeamCountry "GER"]
[BlackTeamCountry "GER"]

1. d4 Nf6 2. c4 g6 3. g3 c6 4. Bg2 d5 5. Qb3 Bg7 6. Nf3 O-O 7. O-O dxc4 8. Qxc4
Bf5 9. Rd1 Nbd7 10. Nc3 Bc2 11. Re1 Nb6 12. Qc5 Ne4 13. Nxe4 Bxe4 14. Rd1 Re8
15. Bf4 Nd5 16. Ne5 Bxg2 17. Kxg2 Nxf4+ 18. gxf4 e6 19. e3 Qh4 20. h3 Bf8 21.
Qc4 Red8 22. Qe2 Rd5 23. Rd3 Rad8 24. Rad1 Bg7 25. R3d2 Qe7 26. Nd3 Rh5 27. Ne5
f6 28. Nf3 Qd7 29. Rh1 Qd5 30. b3 Qe4 31. Rhd1 g5 32. fxg5 Rxg5+ 33. Kh2 Rg6
34. Rg1 Bf8 35. Rxg6+ hxg6 36. Ne1 Rd5 37. Qd3 Bd6+ 38. f4 Qxd3 39. Nxd3 e5 40.
Rg2 exf4 41. Nxf4 Kf7 0-1

[Event "Bundesliga 9798"]
[Site "Deutschland"]
[Date "1997.??.??"]
[Round "?.3"]
[White "Keitlinghaus, Ludger"]
[Black "Hellsten, Johan"]
[Result "1/2-1/2"]
[WhiteElo "2525"]
[BlackElo "2495"]
[PlyCount "84"]
[EventDate "1997.10.??"]
[EventType "team"]
[EventRounds "15"]
[EventCountry "GER"]
[SourceTitle "Bundesliga 9798"]
[Source "DeepChess"]
[SourceDate "2005.01.01"]
[SourceVersion "1"]
[SourceVersionDate "2005.01.01"]
[SourceQuality "1"]
[WhiteTeam "SG Bochum 31"]
[BlackTeam "SF Neukoelln 03 e.V."]
[WhiteTeamCountry "GER"]
[BlackTeamCountry "GER"]

1. e4 c5 2. c3 b6 3. d4 Bb7 4. Bd3 Nf6 5. Nd2 e6 6. Ngf3 cxd4 7. cxd4 d6 8. O-O
Be7 9. Qe2 Nbd7 10. a3 Rc8 11. Re1 O-O 12. e5 dxe5 13. dxe5 Nd5 14. Ne4 h6 15.
b4 Qc7 16. Qb2 Nc3 17. Qxc3 Qxc3 18. Nxc3 Rxc3 19. Be4 Bxe4 20. Rxe4 Rfc8 21.
Bd2 Rd3 22. Kf1 a6 23. Ke2 Rd5 24. Rc1 Rxc1 25. Bxc1 b5 26. Be3 Bd8 27. Rd4 Nb6
28. Nd2 Bc7 29. f4 h5 30. Rxd5 Nxd5 31. Ne4 Kf8 32. Bc5+ Ke8 33. g3 f6 34. exf6
gxf6 35. Kd3 h4 36. Nd2 hxg3 37. hxg3 Kd7 38. Bd4 f5 39. Nb3 Ke7 40. Bc5+ Kd7
41. Bd4 Ke7 42. Bc5+ Kd7 1/2-1/2

[Event "Bundesliga 9798"]
[Site "Deutschland"]
[Date "1997.??.??"]
[Round "?.4"]
[White "Polzin, Rainer"]
[Black "Reschke, Stefan"]
[Result "1-0"]
[WhiteElo "2445"]
[BlackElo "2415"]
[PlyCount "89"]
[EventDate "1997.10.??"]
[EventType "team"]
[EventRounds "15"]
[EventCountry "GER"]
[SourceTitle "Bundesliga 9798"]
[Source "DeepChess"]
[SourceDate "2005.01.01"]
[SourceVersion "1"]
[SourceVersionDate "2005.01.01"]
[SourceQuality "1"]
[WhiteTeam "SF Neukoelln 03 e.V."]
[BlackTeam "SG Bochum 31"]
[WhiteTeamCountry "GER"]
[BlackTeamCountry "GER"]

1. e4 c5 2. Nf3 d6 3. d4 cxd4 4. Nxd4 Nf6 5. Nc3 g6 6. Be3 Bg7 7. f3 O-O 8. Bc4
Nc6 9. Qd2 Bd7 10. h4 h5 11. O-O-O Ne5 12. Bb3 Rc8 13. Bg5 Rc5 14. Kb1 Re8 15.
Bh6 Nc4 16. Bxc4 Rxc4 17. Bxg7 Kxg7 18. Rhe1 Qa5 19. Nb3 Qc7 20. Nd5 Nxd5 21.
exd5 Rxh4 22. Nd4 Qc5 23. g3 Rh3 24. Qg2 Qxd5 25. Ne6+ Qxe6 26. Rxe6 Bxe6 27.
b3 b6 28. Kb2 h4 29. gxh4 Rxh4 30. a4 Rf4 31. Rh1 Rf5 32. Qd2 Rxf3 33. a5 Rh8
34. Qd4+ Rf6 35. Rxh8 Kxh8 36. a6 g5 37. Qc3 g4 38. Qc7 Kg7 39. Qxa7 Bd5 40. c4
Bh1 41. Qxb6 g3 42. Qg1 g2 43. a7 Rf1 44. Qd4+ e5 45. Qg4+ 1-0

[Event "Bundesliga 9798"]
[Site "Deutschland"]
[Date "1997.??.??"]
[Round "?.5"]
[White "Schmittdiel, Eckhard"]
[Black "Bunzmann, Dimitrij"]
[Result "1-0"]
[WhiteElo "2450"]
[BlackElo "2370"]
[PlyCount "67"]
[EventDate "1997.10.??"]
[EventType "team"]
[EventRounds "15"]
[EventCountry "GER"]
[SourceTitle "Bundesliga 9798"]
[Source "DeepChess"]
[SourceDate "2005.01.01"]
[SourceVersion "1"]
[SourceVersionDate "2005.01.01"]
[SourceQuality "1"]
[WhiteTeam "SG Bochum 31"]
[BlackTeam "SF Neukoelln 03 e.V."]
[WhiteTeamCountry "GER"]
[BlackTeamCountry "GER"]

1. e4 e6 2. d4 d5 3. Nc3 Bb4 4. e5 c5 5. a3 Bxc3+ 6. bxc3 Ne7 7. a4 b6 8. Nf3
Ba6 9. Bb5+ Bxb5 10. axb5 Qc7 11. O-O Nd7 12. Bg5 Ng6 13. Ra4 h6 14. Be3 O-O
15. h3 Rfc8 16. Qa1 cxd4 17. cxd4 Qxc2 18. Rxa7 Rxa7 19. Qxa7 Qc7 20. Qa6 Qd8
21. Ra1 Ne7 22. g4 Rc2 23. Qa3 Nc8 24. Qd3 Qc7 25. Ra8 Rc3 26. Qb1 Qc4 27. Kg2
Nf8 28. Qa1 h5 29. gxh5 Qd3 30. Qa6 Qc2 31. Ne1 Qe4+ 32. Kh2 Qb1 33. Bd2 Qb2
34. Bxc3 1-0

[Event "Bundesliga 9798"]
[Site "Deutschland"]
[Date "1997.??.??"]
[Round "?.6"]
[White "Schoene, Ralf"]
[Black "Bosch, Jeroen"]
[Result "1-0"]
[WhiteElo "2435"]
[BlackElo "2405"]
[PlyCount "119"]
[EventDate "1997.10.??"]
[EventType "team"]
[EventRounds "15"]
[EventCountry "GER"]
[SourceTitle "Bundesliga 9798"]
[Source "DeepChess"]
[SourceDate "2005.01.01"]
[SourceVersion "1"]
[SourceVersionDate "2005.01.01"]
[SourceQuality "1"]
[WhiteTeam "SF Neukoelln 03 e.V."]
[BlackTeam "SG Bochum 31"]
[WhiteTeamCountry "GER"]
[BlackTeamCountry "GER"]

1. d4 d5 2. c4 e6 3. Nc3 Nf6 4. Bg5 Be7 5. e3 O-O 6. Nf3 Nbd7 7. Qc2 c5 8. cxd5
Nxd5 9. Bxe7 Qxe7 10. Nxd5 exd5 11. dxc5 Nxc5 12. Be2 Bg4 13. O-O Ne6 14. Rfd1
Rfd8 15. Nd4 Rac8 16. Qd2 Bxe2 17. Nxe2 g6 18. Rac1 Qf6 19. Rxc8 Rxc8 20. Nc3
Nc7 21. h3 a6 22. Qe2 Qc6 23. Qf3 Kg7 24. Qg4 Qe6 25. Qd4+ Kg8 26. a4 Qc6 27.
Qb4 Rd8 28. Qb3 Kg7 29. a5 Rd6 30. Rd4 Ne6 31. Rxd5 Rxd5 32. Qxd5 Qxd5 33. Nxd5
f5 34. Kf1 Kf7 35. Ke2 Nd8 36. Kd3 Ke6 37. Kc4 Nc6 38. b4 Ne5+ 39. Kd4 Kd6 40.
f4 Nc6+ 41. Kc4 h6 42. Nc3 Ne7 43. e4 fxe4 44. Nxe4+ Kc6 45. Nc3 h5 46. g4 hxg4
47. hxg4 Kd6 48. Ne4+ Kc6 49. Ng3 Nd5 50. f5 Ne3+ 51. Kb3 gxf5 52. gxf5 Ng4 53.
Ne4 b6 54. Ka4 Ne5 55. axb6 Kxb6 56. f6 Kc6 57. Ka5 Kd5 58. Ng5 Nd7 59. f7 Ke5
60. Nh7 1-0

[Event "Bundesliga 9798"]
[Site "Deutschland"]
[Date "1997.??.??"]
[Round "?.7"]
[White "Ellers, Holger"]
[Black "Thiede, Lars"]
[Result "1/2-1/2"]
[WhiteElo "2405"]
[BlackElo "2335"]
[PlyCount "148"]
[EventDate "1997.10.??"]
[EventType "team"]
[EventRounds "15"]
[EventCountry "GER"]
[SourceTitle "Bundesliga 9798"]
[Source "DeepChess"]
[SourceDate "2005.01.01"]
[SourceVersion "1"]
[SourceVersionDate "2005.01.01"]
[SourceQuality "1"]
[WhiteTeam "SG Bochum 31"]
[BlackTeam "SF Neukoelln 03 e.V."]
[WhiteTeamCountry "GER"]
[BlackTeamCountry "GER"]

1. d4 Nf6 2. Nf3 g6 3. c4 Bg7 4. g3 O-O 5. Bg2 d6 6. Nc3 Nbd7 7. O-O e5 8. e4
exd4 9. Nxd4 Re8 10. h3 a6 11. Re1 Rb8 12. b3 Nc5 13. Rb1 Bd7 14. b4 Ne6 15.
Be3 Qc8 16. Nb3 Ng4 17. Bd2 Ne5 18. Bf1 b5 19. cxb5 axb5 20. Rc1 Qd8 21. Nd5 c6
22. Nf4 Ng5 23. Bg2 Nc4 24. Bc3 Be5 25. Nd2 Ra8 26. Nxc4 bxc4 27. h4 Ne6 28.
Nxe6 Bxe6 29. Bxe5 dxe5 30. Bf1 Qb6 31. Bxc4 Bxc4 32. Rxc4 Rxa2 33. Re2 Rea8
34. Kg2 Ra1 35. Rc1 Rxc1 36. Qxc1 Ra4 37. Qc3 Qb5 38. Rc2 Rxb4 39. Qxc6 Qxc6
40. Rxc6 Rxe4 41. Rc8+ Kg7 42. Re8 Kf6 43. f4 Kf5 44. Kf3 h5 45. fxe5 Rxe5 46.
Ra8 Rd5 47. Ra3 f6 48. Rb3 Ke6 49. Ra3 g5 50. hxg5 fxg5 51. Ra2 Rd3+ 52. Kf2
Kf5 53. Kg2 Ke4 54. Kf2 g4 55. Rb2 Rf3+ 56. Kg2 Rc3 57. Rf2 Rd3 58. Rf8 Rd2+
59. Kg1 Rd5 60. Kg2 Rb5 61. Rf4+ Ke3 62. Rf8 Rb2+ 63. Kg1 Ke4 64. Rf4+ Ke5 65.
Rf8 Rb5 66. Kg2 Ke6 67. Ra8 Kf6 68. Rf8+ Kg7 69. Rf4 Rb2+ 70. Kg1 Kg6 71. Rf8
Rb6 72. Kg2 Kg5 73. Rg8+ Rg6 74. Ra8 Rb6 1/2-1/2

[Event "Bundesliga 9798"]
[Site "Deutschland"]
[Date "1997.??.??"]
[Round "?.8"]
[White "Rudolf, Henrik"]
[Black "Ankerst, Mihael"]
[Result "1-0"]
[WhiteElo "2280"]
[BlackElo "2350"]
[PlyCount "113"]
[EventDate "1997.10.??"]
[EventType "team"]
[EventRounds "15"]
[EventCountry "GER"]
[SourceTitle "Bundesliga 9798"]
[Source "DeepChess"]
[SourceDate "2005.01.01"]
[SourceVersion "1"]
[SourceVersionDate "2005.01.01"]
[SourceQuality "1"]
[WhiteTeam "SF Neukoelln 03 e.V."]
[BlackTeam "SG Bochum 31"]
[WhiteTeamCountry "GER"]
[BlackTeamCountry "GER"]

1. e4 c5 2. Nf3 e6 3. d4 cxd4 4. Nxd4 Nf6 5. Nc3 Nc6 6. Be2 Bb4 7. O-O Bxc3 8.
bxc3 Nxe4 9. Bd3 d5 10. Ba3 Qa5 11. Qc1 Nxd4 12. cxd4 Bd7 13. Rb1 Bc6 14. Bb4
Qc7 15. c4 Qd7 16. Bxe4 dxe4 17. Rd1 f6 18. d5 exd5 19. cxd5 Ba4 20. Rd4 f5 21.
Rc4 Qxd5 22. Qg5 Qf7 23. Bd6 Bc6 24. Rc5 Qf6 25. Qf4 g5 26. Rxf5 gxf4 27. Rxf6
f3 28. gxf3 Rg8+ 29. Bg3 Ke7 30. Rh6 exf3 31. Rxh7+ Kf6 32. Rh4 Rae8 33. Rf4+
Ke6 34. h4 a6 35. Re1+ Kd5 36. Rd1+ Kc5 37. h5 Re2 38. a3 Rg5 39. Rh4 Re7 40.
Kh2 Rh7 41. h6 a5 42. Bd6+ Kb5 43. Rg1 Rd5 44. Rg6 Rf5 45. Kg3 Be8 46. Rg7 Rh8
47. h7 Bf7 48. Rf4 Rxf4 49. Kxf4 Bc4 50. Kg5 Bd3 51. Kh6 Re8 52. Rf7 Kc6 53.
Re7 Rd8 54. Be5 Bxh7 55. Kxh7 Rd3 56. Rc7+ Kb5 57. Rc3 1-0

[Event "Bundesliga 9798"]
[Site "Deutschland"]
[Date "1997.??.??"]
[Round "?.1"]
[White "Movsesian, Sergei"]
[Black "Lutz, Christopher"]
[Result "1/2-1/2"]
[WhiteElo "2555"]
[BlackElo "2590"]
[PlyCount "58"]
[EventDate "1997.10.??"]
[EventType "team"]
[EventRounds "15"]
[EventCountry "GER"]
[SourceTitle "Bundesliga 9798"]
[Source "DeepChess"]
[SourceDate "2005.01.01"]
[SourceVersion "1"]
[SourceVersionDate "2005.01.01"]
[SourceQuality "1"]
[WhiteTeam "SF Neukoelln 03 e.V."]
[BlackTeam "SG Porz e.V."]
[WhiteTeamCountry "GER"]
[BlackTeamCountry "GER"]

1. e4 c5 2. Nc3 Nc6 3. Nge2 g6 4. d4 cxd4 5. Nxd4 Bg7 6. Be3 Nf6 7. Bc4 O-O 8.
Bb3 Qa5 9. O-O d6 10. h3 Bd7 11. Re1 Rfe8 12. Nf3 Rac8 13. Bg5 Ne5 14. Nxe5
Qxe5 15. f4 Qc5+ 16. Kh1 Bc6 17. Nd5 Bxd5 18. exd5 Nh5 19. c3 Qf2 20. Ba4 f6
21. Bxe8 Rxe8 22. Qa4 Rf8 23. Bh4 Qxh4 24. Rxe7 Bh6 25. Rxb7 Bxf4 26. Qd7 Ng3+
27. Kg1 Ne2+ 28. Kh1 Ng3+ 29. Kg1 Ne2+ 1/2-1/2

[Event "Bundesliga 9798"]
[Site "Deutschland"]
[Date "1997.??.??"]
[Round "?.2"]
[White "Khalifman, Alexander"]
[Black "Stohl, Igor"]
[Result "1/2-1/2"]
[WhiteElo "2655"]
[BlackElo "2565"]
[PlyCount "51"]
[EventDate "1997.10.??"]
[EventType "team"]
[EventRounds "15"]
[EventCountry "GER"]
[SourceTitle "Bundesliga 9798"]
[Source "DeepChess"]
[SourceDate "2005.01.01"]
[SourceVersion "1"]
[SourceVersionDate "2005.01.01"]
[SourceQuality "1"]
[WhiteTeam "SG Porz e.V."]
[BlackTeam "SF Neukoelln 03 e.V."]
[WhiteTeamCountry "GER"]
[BlackTeamCountry "GER"]

1. d4 Nf6 2. c4 g6 3. Nc3 d5 4. Nf3 Bg7 5. cxd5 Nxd5 6. e4 Nxc3 7. bxc3 c5 8.
Rb1 O-O 9. Be2 cxd4 10. cxd4 Qa5+ 11. Bd2 Qxa2 12. O-O Bg4 13. Be3 Nc6 14. Rxb7
Rab8 15. Rxb8 Rxb8 16. h3 Bxf3 17. Bxf3 Rd8 18. d5 Ne5 19. Qc1 Nc4 20. Bg5 Re8
21. Re1 e6 22. Re2 Qb3 23. dxe6 Rxe6 24. Rc2 Nd6 25. Rc6 h5 26. Be3 1/2-1/2

[Event "Bundesliga 9798"]
[Site "Deutschland"]
[Date "1997.??.??"]
[Round "?.4"]
[White "Vaganian, Rafael A"]
[Black "Bunzmann, Dimitrij"]
[Result "1-0"]
[WhiteElo "2640"]
[BlackElo "2370"]
[PlyCount "111"]
[EventDate "1997.10.??"]
[EventType "team"]
[EventRounds "15"]
[EventCountry "GER"]
[SourceTitle "Bundesliga 9798"]
[Source "DeepChess"]
[SourceDate "2005.01.01"]
[SourceVersion "1"]
[SourceVersionDate "2005.01.01"]
[SourceQuality "1"]
[WhiteTeam "SG Porz e.V."]
[BlackTeam "SF Neukoelln 03 e.V."]
[WhiteTeamCountry "GER"]
[BlackTeamCountry "GER"]

1. Nf3 e6 2. d4 Nf6 3. c4 b6 4. e3 Bb7 5. Bd3 c5 6. O-O Be7 7. Nc3 h6 8. Qe2
O-O 9. Rd1 Re8 10. dxc5 Bxc5 11. b3 Nc6 12. Bb2 Qb8 13. h3 Be7 14. Rd2 d6 15.
Ne4 Ne5 16. Nxe5 Nxe4 17. Bxe4 Bxe4 18. Qg4 Bf5 19. Qg3 dxe5 20. Bxe5 Qxe5 21.
Qxe5 Bf6 22. Qf4 Bxa1 23. g4 Bg6 24. h4 h5 25. gxh5 Bxh5 26. Qg5 Bg6 27. h5 Bf6
28. Qg4 Bf5 29. Qf4 Rad8 30. Rxd8 Rxd8 31. e4 Bh7 32. f3 e5 33. Qg3 Rd1+ 34.
Kf2 Rh1 35. Qg4 g6 36. b4 Rc1 37. c5 bxc5 38. h6 cxb4 39. Qd7 Bh4+ 40. Ke2 Kf8
41. Qd6+ Ke8 42. Qxe5+ Kf8 43. Qb8+ Ke7 44. Qxb4+ Ke8 45. Qb8+ Ke7 46. Qxa7+
Kd8 47. Qd4+ Ke7 48. Qb4+ Ke8 49. Qa4+ Kd8 50. Qd4+ Ke7 51. Qe5+ Kf8 52. a4
Re1+ 53. Kd2 Rb1 54. Kc2 Rb7 55. Qc5+ Re7 56. a5 1-0

[Event "Bundesliga 9798"]
[Site "Deutschland"]
[Date "1997.??.??"]
[Round "?.6"]
[White "Stangl, Markus"]
[Black "Berndt, Stephan"]
[Result "0-1"]
[WhiteElo "2530"]
[BlackElo "2360"]
[PlyCount "110"]
[EventDate "1997.10.??"]
[EventType "team"]
[EventRounds "15"]
[EventCountry "GER"]
[SourceTitle "Bundesliga 9798"]
[Source "DeepChess"]
[SourceDate "2005.01.01"]
[SourceVersion "1"]
[SourceVersionDate "2005.01.01"]
[SourceQuality "1"]
[WhiteTeam "SG Porz e.V."]
[BlackTeam "SF Neukoelln 03 e.V."]
[WhiteTeamCountry "GER"]
[BlackTeamCountry "GER"]

1. Nf3 Nf6 2. c4 g6 3. g3 Bg7 4. Bg2 O-O 5. d4 d5 6. cxd5 Nxd5 7. O-O Nb6 8.
Nc3 Nc6 9. d5 Na5 10. Qc2 Nxd5 11. Rd1 c6 12. Ne1 Bd7 13. Nxd5 cxd5 14. Rxd5 e6
15. Rd1 Rc8 16. Qe4 Qe7 17. Bd2 Nc6 18. Bf4 e5 19. Bg5 f6 20. Be3 f5 21. Qa4
Nd4 22. Qxa7 Nxe2+ 23. Kh1 Bc6 24. Rd2 Nd4 25. Bxd4 exd4 26. Nd3 Rfe8 27. Bxc6
Rxc6 28. Re1 Re6 29. Rxe6 Qxe6 30. Qxb7 Qxa2 31. Kg2 Qe6 32. Qf3 g5 33. Rd1 g4
34. Qf4 Qe4+ 35. Kg1 Qxf4 36. Nxf4 Rb8 37. Nd3 Kf7 38. Kf1 Ke6 39. Rc1 Kd6 40.
Rc4 Bf6 41. b4 Ra8 42. Rc5 Ra1+ 43. Kg2 Ra3 44. Nf4 Rb3 45. Rd5+ Kc6 46. Rxf5
Be7 47. Nd5 Bd6 48. Nf6 Bxb4 49. Nxg4 d3 50. Ne5+ Kc7 51. Rf7+ Kd6 52. Nc4+ Kc5
53. Rc7+ Kd4 54. Ne3 d2 55. Kf3 d1=Q+ 0-1

[Event "Bundesliga 9798"]
[Site "Deutschland"]
[Date "1997.??.??"]
[Round "?.7"]
[White "Thiede, Lars"]
[Black "Vogt, Lothar"]
[Result "0-1"]
[WhiteElo "2335"]
[BlackElo "2515"]
[PlyCount "86"]
[EventDate "1997.10.??"]
[EventType "team"]
[EventRounds "15"]
[EventCountry "GER"]
[SourceTitle "Bundesliga 9798"]
[Source "DeepChess"]
[SourceDate "2005.01.01"]
[SourceVersion "1"]
[SourceVersionDate "2005.01.01"]
[SourceQuality "1"]
[WhiteTeam "SF Neukoelln 03 e.V."]
[BlackTeam "SG Porz e.V."]
[WhiteTeamCountry "GER"]
[BlackTeamCountry "GER"]

1. c4 g6 2. g3 Bg7 3. Bg2 c5 4. Nc3 Nc6 5. Nf3 e6 6. e3 Nge7 7. O-O O-O 8. d4
cxd4 9. Nxd4 Nxd4 10. exd4 d5 11. cxd5 exd5 12. Be3 Be6 13. Qb3 Qd7 14. Rfe1 h6
15. Rad1 Rfd8 16. Ne2 g5 17. f3 Rac8 18. Nc1 Nf5 19. Bf2 Rc4 20. Ne2 Qa4 21.
Qxa4 Rxa4 22. a3 Rc4 23. Rd2 Rdc8 24. Red1 b5 25. Bf1 b4 26. b3 R4c7 27. g4 Ne7
28. Bg3 Rb7 29. Nc1 Rc3 30. Be2 bxa3 31. Bd6 a2 32. Rxa2 Nc6 33. Bc5 Nxd4 34.
Bxd4 Bxd4+ 35. Rxd4 Rxc1+ 36. Rd1 Rc3 37. Rda1 Rbxb3 38. Rxa7 d4 39. Ra8+ Kg7
40. Rd1 d3 41. Bf1 Bd5 42. Ra4 Bxf3 43. Rd2 Rc2 0-1

[Event "Bundesliga 9798"]
[Site "Deutschland"]
[Date "1997.??.??"]
[Round "?.8"]
[White "Holzke, Frank"]
[Black "Schlemermeyer, Wilhelm"]
[Result "1-0"]
[WhiteElo "2400"]
[BlackElo "2310"]
[PlyCount "101"]
[EventDate "1997.10.??"]
[EventType "team"]
[EventRounds "15"]
[EventCountry "GER"]
[SourceTitle "Bundesliga 9798"]
[Source "DeepChess"]
[SourceDate "2005.01.01"]
[SourceVersion "1"]
[SourceVersionDate "2005.01.01"]
[SourceQuality "1"]
[WhiteTeam "SG Porz e.V."]
[BlackTeam "SF Neukoelln 03 e.V."]
[WhiteTeamCountry "GER"]
[BlackTeamCountry "GER"]

1. e4 e5 2. Nf3 Nc6 3. d4 exd4 4. Nxd4 Nf6 5. Nxc6 bxc6 6. e5 Qe7 7. Qe2 Nd5 8.
c4 Ba6 9. g3 O-O-O 10. b3 Re8 11. Bb2 f6 12. Bg2 fxe5 13. Qd2 Nb6 14. O-O Qb4
15. Re1 Qxd2 16. Nxd2 Bb4 17. Rad1 d5 18. Rxe5 Rxe5 19. Bxe5 Re8 20. Bxg7 Bxd2
21. Bh3+ Kb7 22. Rxd2 Re1+ 23. Kg2 dxc4 24. Bf5 Nd5 25. bxc4 Bxc4 26. Rb2+ Nb6
27. f4 Bd5+ 28. Kh3 c5 29. Be5 Kc6 30. Bxh7 Nc4 31. Rb1 Be6+ 32. Kh4 Re2 33.
Kg5 Rxh2 34. Be4+ Kd7 35. Rd1+ Kc8 36. Bd5 Bxd5 37. Rxd5 Rg2 38. Rxc5 Nxe5 39.
fxe5 Rxg3+ 40. Kf6 Kd7 41. Rd5+ Ke8 42. Rb5 Kd7 43. e6+ Kd6 44. Rb3 Rg2 45.
Rd3+ Kc6 46. a3 Rf2+ 47. Kg7 Re2 48. Kf7 Kb7 49. e7 Rf2+ 50. Ke6 Re2+ 51. Kd7
1-0

[Event "Bundesliga 9798"]
[Site "Deutschland"]
[Date "1998.??.??"]
[Round "?.4"]
[White "Bunzmann, Dimitrij"]
[Black "Wells, Peter K"]
[Result "1/2-1/2"]
[WhiteElo "2370"]
[BlackElo "2530"]
[PlyCount "64"]
[EventDate "1997.10.??"]
[EventType "team"]
[EventRounds "15"]
[EventCountry "GER"]
[SourceTitle "Bundesliga 9798"]
[Source "DeepChess"]
[SourceDate "2005.01.01"]
[SourceVersion "1"]
[SourceVersionDate "2005.01.01"]
[SourceQuality "1"]
[WhiteTeam "SF Neukoelln 03 e.V."]
[BlackTeam "SK Passau 1869"]
[WhiteTeamCountry "GER"]
[BlackTeamCountry "GER"]

1. d4 Nf6 2. Nf3 d5 3. c4 e6 4. e3 a6 5. Nbd2 c5 6. cxd5 exd5 7. dxc5 Bxc5 8.
Be2 O-O 9. Nb3 Bb6 10. O-O Ne4 11. Bd2 Qf6 12. Bb4 Rd8 13. Nfd4 Nc6 14. Ba3 Qg6
15. Nxc6 bxc6 16. Rc1 Bh3 17. Bf3 h5 18. Qc2 Rac8 19. Kh1 Bg4 20. Bxe4 dxe4 21.
Bc5 Bc7 22. h3 Bf3 23. gxf3 Qf5 24. f4 Qxh3+ 25. Kg1 Qg4+ 26. Kh2 Qh4+ 27. Kg1
Qg4+ 28. Kh2 Bxf4+ 29. exf4 Qxf4+ 30. Kh1 Qf3+ 31. Kh2 Qf4+ 32. Kh1 Qf3+
1/2-1/2